000 00464cam a2200193 4500
001 D2952
008 090401t1957 xxu||||| |||| 00| 0 eng d
035 _a(Sirsi) u98021
041 _aeng
050 _a692.8
100 _aCreswell, W.T.
245 4 _aThe law relating to building and engineering contracts
250 _a6th
260 _bPitman & Sons
_c1957
350 _a0
520 _a2 copies, Press 1, Shelf 27
942 _n0
948 _c04/03/1997
999 _c99051
_d99051